ELECTRONIC CAR PROJECTS (Record no. 235960)

MARC details
000 -LEADER
fixed length control field 00400nam a2200169Ia 4500
008 - FIXED-LENGTH DATA ELEMENTS--GENERAL INFORMATION
fixed length control field 240823s9999||||xx |||||||||||||| ||und||
082 ## - DEWEY DECIMAL CLASSIFICATION NUMBER
-- 621.3815
100 ## - MAIN ENTRY--PERSONAL NAME
Personal name Rajesh Malhotra
245 #0 - TITLE STATEMENT
Title ELECTRONIC CAR PROJECTS
250 ## - EDITION STATEMENT
Edition statement FIRST
500 ## - GENERAL NOTE
General note Transfered
650 ## - SUBJECT ADDED ENTRY--TOPICAL TERM
Topical term or geographic name as entry element Electronic projects
942 ## - ADDED ENTRY ELEMENTS (KOHA)
Item type Books
Holdings
Withdrawn status Lost status Damaged status Permanent location Current location Shelving location Date acquired Source of acquisition Cost, normal purchase price Full call number Barcode Date last seen Koha item type
      CENTRAL LIBRARY, NOORUL ISLAM CENTRE FOR HIGHER EDUCATION CENTRAL LIBRARY, NOORUL ISLAM CENTRE FOR HIGHER EDUCATION   05/09/2003 Padma Book Stall 15.00 621.3815 856 08/23/2024 Books
Visitors:
Copyright © 2024 Central Library NICHE.  All rights reserved.